Dynasties des Rois de Pologne. - Statistiques

Statistiques générales
  • Ce quiz a été pris 218 fois
  • Le résultat moyen est 3 sur 6
Statistiques - réponses
Dates Dynasties % Correct
1386 - 1572/1575 - 1586 Jagellon
76%
960 - 1300 Piast
64%
1370 - 1399 Anjou
43%
1587 - 1668 Vasa
38%
1697 - 1706/1709 - 1733/1733 - 1763 Wettin
25%
1300 - 1306 Přemyslides
21%
Aucun quiz correspondant
Distribution des résultats
% des personnes avec chaque résultat
Percentile par nombre de réponses
Votre historique - résultats
Vous n’avez pas pris ce quiz